Statistics for Guess the Footballers by their Teams #23

Click here to take the quiz!

General Stats

  • This quiz has been taken 112 times
  • The average score is 5 of 10

Answer Stats

HintAnswer% Correct
1995-. Parma, Juventus, Paris Saint-Germain, Juventus, Parma, Italy.Gianluigi Buffon
98%
1981-2003. Gladsaxe-Hero, Hvidovre, Brondby, Manchester United, Sporting CP, Aston Villa, Manchester City, Denmark.Peter Schmeichel
76%
1996-2013. Liverpool, England.Jamie Carragher
74%
1999-2018. Zenit Saint Petersburg, Zenit 2 St. Petersburg, Arsenal, Zenit Saint Petersburg (loan), Zenit Saint Petersburg, Kuban Krasnodar, Kairat, Russia.Andrey Arshavin
71%
1983-2002. Arsenal, England.Tony Adams
61%
2002-. CSKA Moscow, Russia.Igor Akinfeev
45%
1999-2012. Tottenham Hotspur, England.Ledley King
40%
2008-. Lyon B, Lyon, Portugal.Anthony Lopes
38%
2007-2022. Borussia Dortmund II, Borussia Dortmund, Germany.Marcel Schmelzer
29%
1975-1994. Monaco, France.Jean-Luc Ettori
6%

Score Distribution

Percentile by Number Answered

Percent of People with Each Score

Your Score History

You have not taken this quiz